<?xml version="1.0" encoding="UTF-8"?>
<record
    xmlns:xsi="http://www.w3.org/2001/XMLSchema-instance"
    xsi:schemaLocation="http://www.loc.gov/MARC21/slim http://www.loc.gov/standards/marcxml/schema/MARC21slim.xsd"
    xmlns="http://www.loc.gov/MARC21/slim">

  <leader>02075    a2200229   4500</leader>
  <controlfield tag="001">29450</controlfield>
  <controlfield tag="005">20260407155604.0</controlfield>
  <controlfield tag="008">260407a1998    arg                 spa d</controlfield>
  <controlfield tag="003">AR-UNSa-BCEJYS</controlfield>
  <datafield tag="040" ind1=" " ind2=" ">
    <subfield code="a">AR-UNSa-BCEJYS</subfield>
    <subfield code="b">spa</subfield>
    <subfield code="c">AR-UNSa-BCEJYS</subfield>
  </datafield>
  <datafield tag="080" ind1=" " ind2=" ">
    <subfield code="a">336.225</subfield>
    <subfield code="x">M&#xE9;todo de tributaci&#xF3;n y administraci&#xF3;n de impuestos </subfield>
  </datafield>
  <datafield tag="245" ind1="1" ind2="0">
    <subfield code="a">Verificaci&#xF3;n y fiscalizaci&#xF3;n AFIP - DGI</subfield>
  </datafield>
  <datafield tag="250" ind1=" " ind2=" ">
    <subfield code="a">2a. ed.</subfield>
  </datafield>
  <datafield tag="264" ind1=" " ind2="1">
    <subfield code="a">Buenos Aires :</subfield>
    <subfield code="b">Ediciones Nueva T&#xE9;cnica</subfield>
    <subfield code="c">1998</subfield>
  </datafield>
  <datafield tag="300" ind1=" " ind2=" ">
    <subfield code="a">158 p.</subfield>
    <subfield code="c">28 cm.</subfield>
  </datafield>
  <datafield tag="505" ind1=" " ind2=" ">
    <subfield code="a">Modulo I: Verificaci&#xF3;n y fiscalizaci&#xF3;n: 1. Actividades de verificaci&#xF3;n y fiscalizaci&#xF3;n - 2. Deberes de car&#xE1;cter general - 3. Facultades discrecionales - 4. Funciones discrecionales de la Direcci&#xF3;n.Enumeraci&#xF3;n - 5. Secreto fiscal - 6. Control jurisdiccional - 7. Requisitos para la transferencia de bienes - 8. Facultades de la D.G.I en materias de franquicias tributarias - 9. Obligaciones de informaci&#xF3;n y colaboraci&#xF3;n - 10. Cargas p&#xFA;blicas - 11. Reg&#xED;menes de promoci&#xF3;n. Facultades de la D.G.I. - 12. Del acto administrativo y de las actas de la admnistraci&#xF3;n fiscal - Modulo II: Bloqueo fiscal: 1. R&#xE9;gimen de fiscalizaci&#xF3;n para determinados contribuyentes - 2. Montos fijados por ley - 3. Concepto ingresos y patrimonio - 4. Impuesto sobre los cuales se aplica - 5. Su aplicaci&#xF3;n a los agentes de retenci&#xF3;n o percepci&#xF3;n - 6. L&#xED;mites en el accionar de la fiscalizaci&#xF3;n - 7. Cuando procede el bloqueo fiscal - 8. Cosecuencias de los ajustes practicados - 9. Determinaci&#xF3;n de ajustes practicados sobre base cierta o presunta - 10. Compendio de normas sobre el bloqueo fiscal - Modulo III: Amnist&#xED;a fiscal: 1. Concepto - 2. Reg&#xED;menes de amnist&#xED;a en el derecho tributario - 3. La presentaci&#xF3;n espontan&#xE9;a en la Ley N&#xBA; 11683 (t.o en 1978) - 4. R&#xE9;gimen especial de facilidades de pago. Decreto 938/97.Resoluci&#xF3;n General 27/97(AFIP) - 5. R&#xE9;gimen de presentaci&#xF3;n espontan&#xE9;a. Decreto 935/97  </subfield>
  </datafield>
  <datafield tag="041" ind1=" " ind2=" ">
    <subfield code="a">spa</subfield>
  </datafield>
  <datafield tag="942" ind1=" " ind2=" ">
    <subfield code="c">BK</subfield>
  </datafield>
  <datafield tag="590" ind1=" " ind2=" ">
    <subfield code="a">niveau_biblio:m niveau_hierar:0</subfield>
  </datafield>
  <datafield tag="100" ind1="1" ind2=" ">
    <subfield code="a">G&#xF3;mez, Teresa</subfield>
  </datafield>
  <datafield tag="700" ind1="1" ind2=" ">
    <subfield code="a">Folco, Carlos Maria</subfield>
  </datafield>
  <datafield tag="999" ind1=" " ind2=" ">
    <subfield code="c">1875</subfield>
    <subfield code="d">1875</subfield>
  </datafield>
  <datafield tag="952" ind1=" " ind2=" ">
    <subfield code="0">0</subfield>
    <subfield code="1">0</subfield>
    <subfield code="4">0</subfield>
    <subfield code="7">0</subfield>
    <subfield code="a">BCEJYS</subfield>
    <subfield code="b">BCEJYS</subfield>
    <subfield code="c">16</subfield>
    <subfield code="d">2026-04-07</subfield>
    <subfield code="l">0</subfield>
    <subfield code="o">336.225 C392c v.7 2ed.</subfield>
    <subfield code="p">L85074</subfield>
    <subfield code="r">2026-04-07 15:56:04</subfield>
    <subfield code="w">2026-04-07</subfield>
    <subfield code="y">L</subfield>
  </datafield>
  <datafield tag="952" ind1=" " ind2=" ">
    <subfield code="0">0</subfield>
    <subfield code="1">0</subfield>
    <subfield code="4">0</subfield>
    <subfield code="7">0</subfield>
    <subfield code="a">BCEJYS</subfield>
    <subfield code="b">BCEJYS</subfield>
    <subfield code="c">16</subfield>
    <subfield code="d">2026-04-07</subfield>
    <subfield code="l">0</subfield>
    <subfield code="o">336.225 C392c v.7 2ed.</subfield>
    <subfield code="p">L85073</subfield>
    <subfield code="r">2026-04-07 15:56:04</subfield>
    <subfield code="w">2026-04-07</subfield>
    <subfield code="y">L</subfield>
  </datafield>
</record>
